5HLuxD.jpg

KING HENRY VIII SENIOR AND PRIMARY SCHOOL LIBRARY OPAC

Steampunk! : (Record no. 512)

000 -LEADER
fixed length control field 00890nam a22002177a 4500
005 - DATE AND TIME OF LATEST TRANSACTION
control field 20190819145723.0
008 - FIXED-LENGTH DATA ELEMENTS--GENERAL INFORMATION
fixed length control field 190819b ||||| |||| 00| 0 eng d
020 ## - INTERNATIONAL STANDARD BOOK NUMBER
International Standard Book Number 9780763657970
040 ## - CATALOGING SOURCE
Transcribing agency KH8
082 ## - DEWEY DECIMAL CLASSIFICATION NUMBER
Classification number FIC STE
245 ## - TITLE STATEMENT
Title Steampunk! :
Remainder of title an anthology of fantastically rich and strange stories /
Statement of responsibility, etc. edited by Kelly Link and Gavin J. Grant.
260 ## - PUBLICATION, DISTRIBUTION, ETC.
Place of publication, distribution, etc. Somerville, Mass. :
Name of publisher, distributor, etc. Candlewick Press,
Date of publication, distribution, etc. 2013, ©2011.
300 ## - PHYSICAL DESCRIPTION
Extent ix, 420 pages :
Other physical details illustrations ;
Dimensions 23 cm.
500 ## - GENERAL NOTE
General note Reprint. Originally published: 2011.
520 ## - SUMMARY, ETC.
Summary, etc. A collection of fourteen fantasy stories by well-known authors, set in the age of steam engines and featuring automatons, clockworks, calculating machines, and other marvels that never existed.
650 ## - SUBJECT ADDED ENTRY--TOPICAL TERM
Topical term or geographic name entry element Fantasy.
650 ## - SUBJECT ADDED ENTRY--TOPICAL TERM
Topical term or geographic name entry element Short stories.
700 ## - ADDED ENTRY--PERSONAL NAME
Personal name Link, Kelly
Relator term Editor
700 ## - ADDED ENTRY--PERSONAL NAME
Personal name J. Grant, Gavin
Relator term Editor
942 ## - ADDED ENTRY ELEMENTS (KOHA)
Source of classification or shelving scheme
Koha item type Books - Fiction
Holdings
Withdrawn status Lost status Source of classification or shelving scheme Damaged status Not for loan Collection code Permanent Location Current Location Shelving location Date acquired Total Checkouts Full call number Barcode Date last seen Date last checked out Price effective from Koha item type
          Fiction KH8 Senior School Library KH8 Senior School Library Fiction 2019-08-19 1 FIC STE 3KHSL000101202 2024-07-22 2021-03-18 2019-08-19 Books - Fiction

Powered By KH8 IT Dept